| 000 | 00489nam a22000977a 4500 | ||
|---|---|---|---|
| 008 | 171127b xxu||||| |||| 00| 0 eng d | ||
| 100 | _aLegge, H. Dormer | ||
| 245 | _aThe Kangaroo Issues of Australian stamps | ||
| 260 |
_aMelbourne _bOrlo Smith & Co _c1950? |
||
| 650 | _aAustralia | Definitive Issues | 1913-1948 | Kangaroo and Map Issues | Production | Postal Markings | Postal History | 1946 | Errors and Varieties | Plates and Plating | 20th Century | Stamps -- Histories | British Commonwealth | ||
| 999 |
_c2552 _d2552 |
||